000 01018 a2200229 4500
001 57124
005 20260407155834.0
008 260407a1995 arg spa d
003 AR-UNSa-BCEJYS
040 _aAR-UNSa-BCEJYS
_bspa
_cAR-UNSa-BCEJYS
080 _a342.4
_xConstituciones. Asambleas legislativas. Asambleas nacionales (Reforma...)
245 1 0 _aComentarios sobre la Constitución
_pla reforma de 1994
020 _a950-14-0809-4
264 1 _aBuenos Aires :
_bEdiciones Depalma
_c1995
300 _a189 p.
_c23 cm.
505 _a1. La reforma constitucional – 2.Nuevos derechos y garantías – 3.El poder legislativo – 4.Atribuciones del congreso – 5.El poder ejecutivo – 6.El poder judicial – 7.Auditoria de la nación y defensor del pueblo – 8.Gobiernos de provincia.
041 _aspa
942 _cBK
590 _aniveau_biblio:m niveau_hierar:0
100 1 _aNatale, Alberto
856 4 1 _uhttps://www.biblioeco.unsa.edu.ar/pmb/images/libros/L128702.jpg
_yImagen de portada
_qimage/jpeg
999 _c6124
_d6124